| 000 | 00642nam a22002177a 4500 | ||
|---|---|---|---|
| 001 | 00028198 | ||
| 005 | 20260212172221.0 | ||
| 008 | 260212b ag ||||| |||| 00| 0 spa d | ||
| 020 | _a8464883059 | ||
| 040 |
_aAR-CcCEOS _bspa _cAR-CcCEOS |
||
| 041 | _aspa | ||
| 080 | _a294.592 | ||
| 090 | _bPRA | ||
| 100 | 0 |
_aA. C. Bhaktivedanta Swami Prabhupada, _d1896-1977 _9500 |
|
| 245 |
_aSprimad Bhagavatam : _bcanto cuarto 2 / _cBhaktivedanta Swami Prabhupada |
||
| 250 | _a1a ed. | ||
| 260 |
_aEspaña : _bthe bhaktivedanta book trust, _cc1991. |
||
| 300 |
_a878 p. ; _c21x14 cm. |
||
| 655 | 0 |
_areligión _9501 _vhinduismo |
|
| 942 |
_2udc _cBK _n0 |
||
| 999 |
_c28214 _d28214 |
||